| 000 | 00607nmc a2200241 a 4500 | ||
|---|---|---|---|
| 003 | AR-BaBNM | ||
| 005 | 20251128211550.0 | ||
| 008 | 294120s2000 ||||||||||||||000 | spa|| | ||
| 020 | _a950-09-1383-6 | ||
| 040 | _cAR-BaBNM | ||
| 100 | 1 | _aDurán, Carlos Joaquín | |
| 245 | 1 | 0 | _aHadas... eran las de antes (novela de amor) |
| 250 | _a1ª ed. | ||
| 260 |
_aBuenos Aires _bPaulinas _c2000 |
||
| 300 | 0 | _a80 p. | |
| 490 | 0 | _aReggae. Tránsito pesado | |
| 650 | 4 | _aNOVELAS | |
| 653 | 0 | _aLITERATURA JUVENIL | |
| 653 | 0 | _aNOVELA ROMANTICA | |
| 655 | _aLITERATURA | ||
| 942 | _cBK | ||
| 998 | _cEugenia | ||
| 999 |
_c20207 _d20207 |
||